000 00475nam a2200181Ia 4500
001 14569
005 20260306164924.0
008 260306t2012||||xx |||||||||||||| ||spa||
041 _aESP
082 _a515.33
_bA68 V. 2
100 _aArce Carrasco, Abel
_eAUT
245 0 _aCálculo diferencial e integral i matemática básica:
_bsus aplicaciones
260 _c2012
300 _a917 páginas :
_c21 cm.
650 _aGEN
654 _aCMA
942 _cLIB
_dJUS
_fJUS
_2ddc
_n
999 _c14569
_d14569